| 000 | 00382nam a2200145Ia 4500 | ||
|---|---|---|---|
| 008 | 230312s9999||||xx |||||||||||||| ||und|| | ||
| 020 | _a81-317-2093-6 | ||
| 082 |
_a621.382 _bSTA-W |
||
| 100 | _aStallings;William | ||
| 245 | 0 | _aWireless Communications & Networks | |
| 260 |
_bPearson _aIndia _c2013 |
||
| 300 | _a596 | ||
| 650 |
_aEngineering _vElectrical Engineering |
||
| 942 | _cBK | ||
| 999 |
_c10504 _d10504 |
||